000 00499nam a22001932 4500
001 0000001421
005 20170406113425.0
008 140110s xx 000 0 eng d
020 _c$
040 _aYour Holding Symbol
_cYour Holding Symbol
100 1 _aStillman,Edmund.
245 1 4 _aThe balkans.
250 _a ed.
260 _anewyork :
_bTime incorporated,
_c1964.
300 _a160 p. :
_bill ;
_c cm.
504 _aindex.
650 0 _aword library.
908 _a140110
999 _c1334
_d1334